| Поле | Название | Значение |
| |
Тип записи |
a |
| |
Библиографический уровень |
m |
| 001 |
Контрольный номер |
RU/SLIB/B/208765928 |
| 005 |
Дата корректировки |
20201206204240.3 |
| 010 |
Индекс ISBN |
__ |
| a |
ISBN |
5-86793-170-6 |
| d |
Цена |
123-84 |
| 101 |
Язык документа |
0_ |
| a |
Язык текста |
rus |
| 200 |
Заглавие и сведения об ответственности |
1_ |
| a |
Заглавие |
О муже(N)ственности |
| e |
Сведения, относящиеся к заглавию |
сб. ст. |
| f |
Первые сведения об ответственности |
сост. С. Ушаков |
| b |
Общее обозначение материала |
Текст |
| 210 |
Выходные данные |
__ |
| a |
Место издания |
М. |
| c |
Издательство |
Новое лит. обозрение |
| d |
Дата издания |
2002 |
| 215 |
Физическое описание |
__ |
| a |
Объем |
720 с. |
| 225 |
Серия |
__ |
| a |
Серия |
Библиотека журнала "Неприкосновенный Запас" |
| 330 |
Аннотация |
__ |
| a |
Аннотация |
Работы, собранные в данном сборнике, дают понять, каким образом достигается "самоочевидность" расхожих понятий "мужчина" и "мужественность", "пол" и "половая идентичность". Сделана попытка "адаптировать" к российским условиям западные теоретические концепции и схемы. |
| 606 |
Тематические рубрики |
__ |
| a |
Основная рубрика |
Социология |
| 606 |
Тематические рубрики |
__ |
| a |
Основная рубрика |
Социология групп |
| 610 |
Ключевые слова |
__ |
| a |
Ключевые слова |
мужчины; мужественность; социализация; внешность; маскулинизм; гендер; социальные группы; психология |
| 686 |
Индексы других классификаций |
__ |
| a |
Классификационный индекс |
60.542.2 |
| 702 |
Вторичная интеллектуальная ответственность |
_1 |
| a |
Фамилия |
Ушаков |
| b |
Имя |
С. |
| 4 |
Код отношения |
Составитель |
| 4 |
Код отношения |
220 |
| 801 |
Источник записи |
_0 |
| a |
Страна |
RU |
| b |
Организация |
Муниципальное бюджетное учреждение культуры "Централизованная библиотечная система" г. Сургут (Центральная городская библиотека им. А. С. Пушкина) |
| g |
Правила каталогизации |
КиК/Гришунина |
| 801 |
Источник записи |
_1 |
| a |
Страна |
RU |
| b |
Организация |
Муниципальное бюджетное учреждение культуры "Централизованная библиотечная система" г. Сургут (Центральная городская библиотека им. А. С. Пушкина) |
| g |
Правила каталогизации |
КиК/Гришунина |
| 852 |
Данные о местонахождении |
__ |
| j |
Шифр хранения |
60.542.2 |
| c |
Каталожный индекс |
60.54 |
| i |
Авторский знак |
О-11 |
| p |
Инвентарный номер |
04050786 |
| 901 |
Тип документа |
__ |
| t |
Тип документа |
m |
| 903 |
Характеристики (МАРС) |
__ |
| a |
Дата передачи |
20040506 |
| 990 |
Данные о заказе (DOS) |
__ |
| j |
Количество экземпляров (DOS) |
1 |
| t |
N записи в КСУ для И/У (DOS) |
200405 |